000 00670nam a2200217Ia 4500
005 20230427100939.0
008 210716s2011 xx 000 0 und d
020 _a9789380298696
040 _cAIMIT LIBRARY
041 _aeng
082 _a004.69
_23
_bBANR
100 _aBangia, Ramesh.
_993705
245 _aInternet technology and web design /
_cBy Ramesh Bangia.
250 _a3rd ed.
260 _aBangalore :
_bFirewall media ,
_c2011.
300 _axx,289p. ;
_bPB
_c23 cm.
650 _aInternet technology and protocols
_993709
650 _a World wide web
_993710
650 _aUsenet and internet relay chat
_993711
942 _2ddc
_cBK
_e3rd
_k004.69 BANR
999 _c195578
_d195578